|
|
|
|
| LEADER |
00000nam0a2200000 4500 |
| 001 |
371816 |
| 005 |
20231102012422.0 |
| 035 |
|
|
|a (RuTPU)RU\TPU\retro\29226
|
| 090 |
|
|
|a 371816
|
| 100 |
|
|
|a 20221116d1978 m y0rusy50 ca
|
| 101 |
0 |
|
|a rus
|
| 102 |
|
|
|a RU
|
| 105 |
|
|
|a a j 001zy
|
| 200 |
1 |
|
|a Расчет и конструирование элементов измерительной аппаратуры СВЧ
|e учебное пособие
|f А. В. Негурей, В. С. Калашников
|g Ленинградский институт авиационного приборостроения
|
| 210 |
|
|
|a Ленинград
|c [Б. и.]
|d 1978
|
| 215 |
|
|
|a 84 с.
|c ил.
|
| 320 |
|
|
|a Библиогр.: с. 81-82
|
| 606 |
1 |
|
|a Аттенюаторы сверхвысоких частот
|x Конструкция и расчет
|2 stltpush
|3 (RuTPU)RU\TPU\subj\29805
|9 53066
|
| 610 |
1 |
|
|a измерительные фазовращатели
|
| 610 |
1 |
|
|a измерительная аппаратура
|
| 610 |
1 |
|
|a СВЧ
|
| 610 |
1 |
|
|a сверхвысокочастотная техника
|
| 610 |
1 |
|
|a сверхвысокочастотные устройства
|
| 610 |
1 |
|
|a фазовые характеристики
|
| 610 |
1 |
|
|a конструирование
|
| 610 |
1 |
|
|a учебные пособия
|
| 675 |
|
|
|a 621.372.85(075.8)
|v 4
|
| 700 |
|
1 |
|a Негурей
|b А. В.
|g Александр Витальевич
|
| 701 |
|
1 |
|a Калашников
|b В. С.
|g Вадим Серафимович
|
| 712 |
0 |
2 |
|a Ленинградский институт авиационного приборостроения
|2 stltpush
|3 (RuTPU)RU\TPU\col\5782
|9 24122
|
| 801 |
|
1 |
|a RU
|b 63413507
|c 20221116
|
| 942 |
|
|
|c BK
|